000 00721cam a2200265 4500
001 J2753
008 090401t1995 xxu||||| |||| 00| 0 eng d
035 _a(Sirsi) u51030
041 _aeng
050 _a332.6324
110 _aHealey and Baker
_91907
245 _aQuarterly market report. - January - October 1995
260 _aLondon
_bHealey and Baker
_c1995
300 _a4 pt. ; 30cm.
350 _a0
650 _aPROPERTY-COMMERCIAL PROPERTY
650 _aINDUSTRIAL PROPERTY
650 _aOFFICES
650 _aPROPERTY INVESTMENT
650 _aSHOPS
650 _aYIELDS
690 _aPROPERTY-COMMERCIAL PROPERTY-COMMERCIAL PROPERTY FINANCE AND INVESTMENT
942 _n0
948 _c04/03/1997
999 _c92801
_d92801